Knowledge Preservation and Curation: Working Methods for Knowledge Management (Record no. 43570)

MARC details
000 -LEADER
fixed length control field 00525nam a22001697a 4500
005 - DATE AND TIME OF LATEST TRANSACTION
control field 20250404161837.0
008 - FIXED-LENGTH DATA ELEMENTS--GENERAL INFORMATION
fixed length control field 250404b |||||||| |||| 00| 0 eng d
020 ## - INTERNATIONAL STANDARD BOOK NUMBER
International Standard Book Number 9781839829314
041 ## - LANGUAGE CODE
Language code of text/sound track or separate title eng
082 ## - DEWEY DECIMAL CLASSIFICATION NUMBER
Classification number 658.4038 FOS
100 ## - MAIN ENTRY--PERSONAL NAME
Author Foster, Margie
245 ## - TITLE STATEMENT
Title Knowledge Preservation and Curation: Working Methods for Knowledge Management
260 ## - PUBLICATION, DISTRIBUTION, ETC.
Place UK
Publisher Emerald
Publication Year 2024
300 ## - PHYSICAL DESCRIPTION
Extent 208;. pages: 24 cm
650 ## - SUBJECT ADDED ENTRY--TOPICAL TERM
Subject Knowledge Management; Business Strategy; Leadership; Human Resource Management
942 ## - ADDED ENTRY ELEMENTS (KOHA)
Koha item type Books
Holdings
Withdrawn status Lost status Source of classification or shelving scheme Damaged status Not for loan Home library Current library Shelving location Accession Date Vendor Price Bill number Total Checkouts Full call number Barcode No Date last seen Discount Bill Date Koha item type Suggested By
    Dewey Decimal Classification     IMTN IMTN Rack 29-A 03/27/2025 Raghav Books Private Limited 8347.50 2374   658.4038 FOS 33842 04/04/2025 33 02/14/2025 Books Dr. Mantha Raghu (Head Librarian)
Designed & Maintained by: LRC IMT Nagpur Contact: lrc@imtnag.ac.in© 2024. All Rights Reserved.